[Event "Tata Steel-A 76th"]
[Site "Wijk aan Zee"]
[Date "2014.01.17"]
[Round "5"]
[White "Nakamura, Hikaru"]
[Black "Karjakin, Sergey"]
[Result "1/2-1/2"]
[WhiteElo "2789"]
[BlackElo "2759"]
[Annotator "Krasenkow,M"]
[PlyCount "48"]
[EventDate "2014.01.11"]
[EventType "tourn"]
[EventRounds "11"]
[EventCountry "NED"]
[EventCategory "20"]
[SourceTitle "CBM 159"]
[Source "ChessBase"]
[SourceDate "2014.03.17"]
[SourceVersion "1"]
[SourceVersionDate "2014.03.17"]
[SourceQuality "1"]

1. d4 Nf6 2. c4 e6 3. Nc3 Bb4 4. Qc2 d5 5. a3 Bxc3+ 6. Qxc3 Ne4 7. Qc2 c5 8.
dxc5 Nc6 9. cxd5 exd5 10. e3 O-O (10... Bf5 {is usually played at once. Other
options:}) (10... Qa5+) (10... Qf6) 11. Nf3 Bf5 (11... Qa5+ 12. Bd2 Qxc5 13.
Qxc5 Nxc5 14. Rc1 Ne4 15. Bb5 Bd7 16. Bxc6 Bxc6 17. Nd4 Rfc8 18. f3 Nd6 19. Kf2
Nc4 20. Bc3 Bd7 21. Ne2 f6 22. Rhd1 Bc6 23. Nf4 $14 {0-1 (36) Al Sayed,M (2511)
-Durarbeyli,V (2584) St Petersburg 2012}) (11... Qf6 $5 12. Bd3 b6 $5 13. O-O (
13. cxb6 axb6 {[%cal Rc6b4]} 14. Bd2 $5) 13... bxc5 14. Nd2 Nxd2 15. Bxd2 c4
16. Bxh7+ Kh8 $13 {0-1 (37) Petrik,T (2487)-Babula,V (2608) Slovakia 2009}) 12.
Bd3 Qa5+ 13. Ke2 $5 {White avoids exchanges and keeps his c5-pawn but his king
remains in the centre (at least temporarily). A risky strategy!} (13. b4 $6
Nxb4 14. axb4 Qxa1 15. O-O Qf6 16. Bb2 Qe7 17. Bd4 a6 18. Qb2 f6 19. Ra1 Be6
$15 {1/2 (48) Gurevich,M (2618)-Halkias,S (2564) Chalkida 2009}) (13. Nd2 Nxd2
(13... Nb4 14. axb4 Qxa1 15. Nf3 $5 $44 {[%csl Ra1]}) 14. Bxd2 Bxd3 15. Qxd3
Qxc5 16. Rc1 (16. Bc3 d4 $1 17. Bxd4 Nxd4 18. Qxd4 Qb5 19. O-O-O Qf5 20. e4
Qg5+ 21. Kb1 Rad8 22. f4 Rxd4 23. fxg5 Rxe4 24. Rd7 Rg4 25. g3 Rxg5 26. Rxb7 a5
$11 {1/2 (50) Morozevich,A (2771)-Adams,M (2712) Wijk aan Zee 2009}) 16... Qb6
17. O-O Rad8 {[%cal Rc6e5,Re5c4,Rd5d4]} 18. f4 Rfe8 19. b4 h6 20. h3 a6 21. Rc5
a5 22. Rfc1 axb4 23. axb4 Re4 24. Kh2 Rc4 $11 {1/2 (41) Morozevich,A (2771)
-Carlsen,M (2776) Wijk aan Zee 2009}) 13... Rfe8 $1 {Black concentrates his
forces agains White's king declining the offer to win an exchange.} (13... Nb4
14. axb4 Qxa1 15. Nd4 Bg6 16. Rd1 Rfc8 (16... Qa2 $5) 17. Qb3 a5 18. Nc2 (18.
Bd2 $5 Nxd2 19. Kxd2 a4 20. Rxa1 axb3 21. Rd1 $44 {[%cal Yd2c3]}) 18... Qb1 19.
Nd4 Qa1 20. Nc2 Qb1 21. Nd4 {1/2 (21) Jensen,R-Welling,G (2345) Lyngby 1989}) (
13... b6 $5 {(K.Landa)} 14. cxb6 $140 Rac8 $1) 14. Rd1 Bg4 15. b4 Qc7 (15...
Nxb4 $4 16. axb4 Qxa1 17. Bb2 Qa2 18. Ra1) 16. h3 Bxf3+ 17. gxf3 Ng5 18. Bb2 (
18. Bb5 $4 Qf4 $1 $19 {0-1 (25) Benitah,Y (2428)-Monsieux,C (2297) France 2009}
) 18... d4 $1 {[%mdl 128]} (18... Qf4 {is poor now due to} 19. Be4 $1 Qh4 20.
Rxd5) (18... Qh2 {is parried by} 19. Rh1 $1 Qg2 (19... Qf4 20. Be4 Qh4 21. Bxd5
) 20. Rag1 Rxe3+ (20... Qxf3+ 21. Kf1 {[%cal Yd3e2]}) 21. Kd1 $1 Qxf3+ 22. Be2
{winning an exchange.}) 19. h4 $6 (19. Rg1 $142 Qh2 (19... h6 20. h4 Qh2 21.
hxg5 Rxe3+ 22. Kf1 Qh3+ 23. Rg2 Qh1+ $11) 20. Rxg5 Rxe3+ 21. Kf1 Qh1+ 22. Rg1
Qxh3+ 23. Rg2 $11 {(recommended by GM Konstantin Landa)}) 19... Rxe3+ $1 (19...
Qh2 20. hxg5 Rxe3+ 21. Kd2 Rxf3 22. Kc1 Rxf2 23. Qb3 {is rather good for White,
whose bishop pair will become powerful}) (19... Nh3 $5 {leads to big
complications, e.g.} 20. Bxh7+ $5 (20. b5 Rxe3+ $1 21. fxe3 Qh2+ 22. Ke1 Qg1+
23. Bf1 Re8 $17 {->}) (20. Rh1 Nf4+ 21. Kf1 dxe3 22. fxe3 Rxe3 23. Bxh7+ Kf8
$17) 20... Kh8 21. b5 Qh2 (21... Nf4+ $6 22. Kf1 dxe3 23. fxe3 Rxe3 24. Be4) (
21... Nxf2 22. Kxf2 Qh2+ 23. Kf1 Qh1+ 24. Kf2 $11) 22. bxc6 Qxf2+ 23. Kd3 Qxe3+
24. Kc4 Qe6+ 25. Kxd4 $13) 20. fxe3 Qh2+ 21. Kf1 Qh1+ 22. Kf2 Qh2+ {Black
decides to force a draw.} (22... Qxf3+ $6 23. Kg1 Nh3+ (23... Qg3+ 24. Kf1 Nf3
25. Bxh7+ Kh8 26. Qf2 Qh3+ 27. Ke2 $16) 24. Kh2 Nf2 (24... Ne5 25. Bxh7+ Kh8
26. Rxd4 Nf2 27. Bf5) 25. Bxh7+ Kh8 26. Bf5 Ne7 27. Be4 $1 Nxe4 28. Qg2 $16) (
22... Qxh4+ {was, however, a good chance to play on. Apparently White can
survive with a series of only moves:} 23. Kg1 $1 (23. Ke2 $143 Qh2+ (23... Re8
$6 24. Kd2) 24. Kf1 Qh1+ 25. Kf2 Qxf3+ 26. Kg1 Re8 $40) 23... Nxf3+ (23... Re8
$5 24. Qg2 Rxe3 25. Be4 Nxe4 26. Bxd4 $1 Nxd4 27. Rxd4 Re1+ 28. Rxe1 Qxe1+ 29.
Kh2 Qh4+ $11) 24. Kf1 $1 {(just find such a defence!)} (24. Kg2 $2 Qg4+ 25. Kf2
dxe3+ 26. Kxe3 Qg3 $1 $19) 24... Qh1+ 25. Kf2 Qh2+ 26. Kxf3 Ne5+ 27. Ke4 Qh4+
28. Kxe5 Qf6+ 29. Ke4 Re8+ 30. Kd5 Rd8+ 31. Ke4 $11) 23. Kf1 Qh1+ 24. Kf2 Qh2+
1/2-1/2

[Event "London Classic 7th"]
[Site "London"]
[Date "2015.12.05"]
[Round "2"]
[White "Giri, Anish"]
[Black "Adams, Michael"]
[Result "1/2-1/2"]
[WhiteElo "2784"]
[BlackElo "2737"]
[Annotator "Krasenkow,M"]
[PlyCount "52"]
[EventDate "2015.12.04"]
[EventType "tourn"]
[EventRounds "9"]
[EventCountry "ENG"]
[EventCategory "22"]
[SourceTitle "CBM 170"]
[Source "ChessBase"]
[SourceDate "2016.01.15"]
[SourceVersion "1"]
[SourceVersionDate "2016.01.15"]
[SourceQuality "1"]

1. d4 Nf6 2. c4 e6 3. Nc3 Bb4 4. Qc2 d5 5. a3 Bxc3+ 6. Qxc3 Ne4 7. Qc2 c5 8.
dxc5 Nc6 9. Nf3 Qa5+ 10. Bd2 Qxc5 11. e3 Nxd2 12. Nxd2 {A quiet line, in which
White hopes to get a tiny edge due to his better bishop. However, Black has
enough time to solve that problem.} dxc4 {Other options:} (12... d4) (12... O-O
) 13. Bxc4 (13. Qxc4 Qxc4 14. Nxc4 Ke7 15. Rc1 Bd7 16. Be2 Rac8 17. O-O Rhd8
$11 {1-0 (68) Medic,M (2250)-Randjelovic,D (2076) Zadar 2005}) (13. Nxc4 Ne5 $1
(13... O-O 14. Bd3 (14. b4 $5 Qg5 15. Bd3 Qxg2 16. Bxh7+ Kh8 17. Be4 Qh3 {
1/2 (17) Johannessen,L (2531)-Riazantsev,A (2615) Evora 2007} 18. Rg1 $36)
14... h6 15. b4 (15. O-O Ne5 16. b4 Qc7 17. Nxe5 Qxe5 18. Rac1 Bd7 19. Qc7 Qd5
20. Bc4 Qc6 21. Be2 $14 {1-0 (31) Hjartarson,J (2590)-Sokolov,A (2595) Madrid
1988}) 15... Qg5 16. f4 Qf6 17. O-O Bd7 18. Rad1 Rad8 19. Be4 Ne7 20. Bxb7 Bb5
21. a4 Rb8 22. axb5 Rxb7 23. Nd6 $16 {1/2 (31) Irwanto,S (2362)-Zaw,W (2531)
Surabaya 2002}) 14. b4 Qc7 15. Rc1 Bd7 16. Qd2 (16. Qb2 Rc8 17. f4 Ng6 18. Bd3
b5 $1 19. Qxg7 Ke7 $17 {0-1 (33) Gerenski,H (2284)-Kholmov,R (2427) Arco 2001})
16... Nxc4 17. Bxc4 Qb6 18. O-O Rd8 19. Qc2 O-O 20. Rfd1 Bc6 $11 {1/2 (23)
Mohota,N (2270)-Sachdev,T (2383) Chennai 2006}) 13... O-O (13... Ne5 {now
fails due to} 14. Ne4 $1 Qb6 15. Bb5+ Ke7 (15... Bd7 16. Bxd7+ Nxd7 17. Rd1 $36
) 16. Qa4 a5 17. Rd1 Rd8 18. Rxd8 Qxd8 19. O-O Bd7 20. Qd4 $16 {1-0 (34)
Fridman,D (2637)-Pileckis,E (2443) Liverpool 2008}) 14. b4 {White must play
energetically. Other moves seen in practice are rather harmless:} (14. O-O $143
Bd7 (14... Ne5 15. b4 Qc7 16. f4 Nxc4 17. Qxc4 Qe7 18. Qe4 a5 19. Nf3 axb4 20.
axb4 Rxa1 21. Rxa1 h6 $11 {1/2 (43) Markos,J (2568)-Kuzubov,Y (2578) Polanica
Zdroj 2008}) 15. Rac1 Rac8 16. Ne4 Qe7 17. Qc3 Nb8 18. Qe5 Bc6 19. Rfd1 {
1/2 (19) Godat,T (2314)-Nikel,B (2314) Lechenicher SchachServer 2009}) (14. Rc1
Ne5 (14... Bd7 15. Nb3 Qe7 16. Bd3 h6 17. O-O Rac8 18. Qe2 Nb8 19. Bb1 e5 20.
Qd3 g6 $11 {1/2 (38) Lahiri,A (2353)-Chiaretti,R (2209) Pardubice 2010}) (14...
Rd8 15. O-O Qe7 {1/2 (15) Schlosser,P (2554)-Prusikin,M (2560) Fuegen 2006})
15. O-O Bd7 16. b4 Qc7 17. Qb2 Nxc4 18. Rxc4 Qb6 19. Rd4 Bb5 20. Rc1 Rac8 $11 {
1/2 (49) Shishkin,V (2498)-Korennoi,V (2223) Wroclaw 2009}) 14... Qe7 15. Bd3
$5 (15. O-O Rd8 16. Qb2 Bd7 17. Rac1 Be8 18. Be2 Rac8 19. Nb3 Nb8 (19... Rc7
$143 {0-1 (50) Ponomariov,R (2714)-Radjabov,T (2734) Beijing 2014} 20. b5 Nb8
21. Rxc7 Qxc7 22. Rc1 $14) 20. h3 Bc6 21. Nd4 Bd5 22. Rxc8 Rxc8 23. Rc1 Rxc1+
24. Qxc1 Qd8 $11 {1-0 (49) Leitao,R (2626)-Mekhitarian,K (2487) Campinas 2011})
15... h6 16. Qc3 $5 {[%cal Yb4b5]} a6 {This move weakens the b6-square but
otherwise Black had problems successfully parrying b4-b5.} (16... Bd7 17. b5
Nd8 18. O-O $14) (16... f6 {seriously weakens his kingside}) (16... Rd8 17. Be4
$5 $36) 17. O-O Bd7 18. Nc4 Rab8 19. Nb6 Rfd8 20. Rac1 (20. Nxd7 Rxd7 {is
hardly enough for any advantage.}) (20. Rfd1 Be8 21. Rd2 Rd6 22. Rad1 Rbd8 23.
h3 {was a way to hold the d-file but what to do next?}) 20... Be8 21. Be4 {
This move allows a comfortable rearrangement of Black's pieces but his
position was solid in any case:} (21. Rfd1 Rd6 {[%cal Yb8d8]} 22. Nc4 Rd7 23.
Be4 Rxd1+ 24. Rxd1 Rd8 $11) 21... Na7 $1 {[%cal Ya7b5]} 22. a4 (22. Qc7 $2 Qxc7
23. Rxc7 Nb5) 22... Qd6 23. Nc4 Qe7 24. Nb6 Qd6 25. Nc4 Qe7 26. Nb6 Qd6 1/2-1/2

[Event "Donner Memorial-A"]
[Site "Amsterdam"]
[Date "1994.??.??"]
[Round "2"]
[White "Lautier, Joel"]
[Black "Timman, Jan H"]
[Result "1-0"]
[WhiteElo "2645"]
[BlackElo "2635"]
[Annotator "Lautier,J"]
[PlyCount "69"]
[EventDate "1994.08.??"]
[EventType "tourn"]
[EventRounds "9"]
[EventCountry "NED"]
[EventCategory "15"]
[SourceTitle "CBM 043"]
[Source "ChessBase"]
[SourceDate "1994.12.01"]
[SourceVersion "1"]
[SourceVersionDate "1994.12.01"]
[SourceQuality "1"]

1. d4 {Dautov} Nf6 2. c4 e6 3. Nc3 Bb4 4. Qc2 d5 5. a3 Bxc3+ 6. Qxc3 Ne4 7. Qc2
Nc6 8. e3 e5 9. cxd5 Qxd5 10. Bc4 Qa5+ 11. b4 Nxb4 12. Qxe4 Nc2+ 13. Ke2 (13.
Kd1 $2 {Dautov} Nxa1 {/\Qa4} 14. Qxe5+ Qxe5 15. dxe5 Be6 $17) 13... Qe1+ 14.
Kf3 Nxa1 15. Bb2 (15. Qxe5+ {Dautov} Be6 16. Bxe6 O-O $1 $17 {ECO}) 15... O-O (
15... Be6 {Dautov} 16. d5 $16) 16. Kg3 Kh8 $5 $146 (16... Bd7 {Dautov} 17. Nf3
Qxh1 18. Ng5 g6 19. Qxe5 Rae8 20. Qf6 Rxe3+ 21. fxe3 Qe1+ 22. Qf2 Qxf2+ 23.
Kxf2 Nc2 24. Bb3 Nxe3 25. Kxe3 $16 {Rauzer}) (16... h6 {Dautov} 17. h4 Kh8 (
17... Qd2 18. Nf3 Qxb2 19. Ng5 $1 hxg5 20. hxg5 Re8 21. Qh7+ Kf8 22. Qh8+ Ke7
23. Qxg7 Rf8 24. Qf6+ Kd7 25. dxe5 Qc2 26. Bxf7 $18 {Mirkovic}) 18. Kh2 Qxf2
19. Bxa1 Bf5 20. Nh3 Bxh3 21. Kxh3 f5 22. Qxe5 Rae8 23. Be6 $18 {Toth-Varnusz/
HUN/1969}) 17. Nf3 $1 Qxh1 18. Ng5 f5 $8 19. Qxe5 f4+ (19... Bd7 $5 20. Nf7+ (
20. d5 $2 Rf6 21. d6 (21. Qxf6 $2 gxf6 22. Bxf6+ Kg8 23. d6+ Kf8 24. Nxh7+ Ke8
25. Be7 cxd6 $19) (21. Qe7 Rg6 $19 {/\ h6} (21... Rg6 22. h4 h6 $19)) 21... Qd1
$19) (20. Bf7 $5 {/\ d5}) (20. Qe7 {Dautov} Qb1 (20... Qd1 21. h3 Qh5 22. Nf7+
Rxf7 23. Bxf7 Qe2 24. Bxa1 f4+ 25. Kh2 Qxf2 $17) 21. Bxa1 Qxa1 22. Qxd7 Qxa3
$17) (20. Qxc7 Qd1 21. h3 Qh5 22. f4 Qe8 $17) 20... Rxf7 21. Bxf7 Qd1 (21...
f4+ 22. exf4 Qd1 23. h3 Qd3+ 24. Kh2 Qf5 $17) 22. h3 $44 {/\ d5->}) (19... Qd1
$2 {Dautov} 20. Nf7+ Kg8 21. Nh6+ Kh8 22. d5 $18) 20. exf4 Bh3 $2 (20... Qd1 $2
21. Nf7+ $1 Kg8 22. Nh6+ Kh8 23. d5 $18) (20... Qb1 $2 21. Nf7+ Kg8 22. Qe7 $1
Qg6+ (22... Bf5 23. Nd8+ $1 $18) 23. Ng5+ Be6 24. Qxe6+ $18) (20... Bd7 21. d5
(21. Qd5 {/\ Qg8} Be8 $1) (21. Nf7+ Rxf7 22. Bxf7 Qd1 23. h3 (23. f3 Nc2 $19)
23... Qd3+ $17) (21. Bf7 Qd1 22. h3 Qd3+ (22... h6 $4 23. Qxg7+ $1 Kxg7 24. d5+
) 23. Kh2 Qf5 $17) 21... Rf6 22. Qxc7 $44 {->} (22. Qe7 {Dautov} Rg6 23. Qxd7
Qb1 24. Be5 h6 $13) (22. d6 $2 Qd1 23. h3 Qxd6 $19) (22. Qxc7 Qb1 23. Bxf6 gxf6
$13)) 21. Kxh3 Qb1 22. d5 (22. Bxa1 Rf5 $1 (22... Qxa1 $2 23. Qe4 $18) 23. Qe4
Qxe4 24. Nxe4 Rxf4 $16) 22... Qf5+ 23. Qxf5 Rxf5 24. Ne6 $1 Nc2 $6 (24... Rh5+
$1 25. Kg4 (25. Kg3 Nc2 26. Nxg7 $2 Rg8) 25... Rxh2 26. Bxg7+ Kg8 27. Bxa1
Rxg2+ 28. Kf3 Rg1 29. Be5 $16) (24... Rf7 {Dautov} 25. Bxa1 $18) 25. Nxg7 $18
Rf7 $8 26. Nf5+ Kg8 27. Nh6+ Kf8 28. Nxf7 Kxf7 29. d6+ Ke8 30. dxc7 Kd7 31. Be5
Nxa3 32. Bd3 Rf8 33. Kg4 $1 (33. g4 $2 b5 34. Bf5+ Rxf5 35. gxf5 Nc4 36. f6 Nb6
$1 $13) 33... a6 (33... b5 34. Bxh7 Nc4 35. Bf5+ Rxf5 36. Kxf5 b4 37. Ke4 b3
38. Kd3 $18) 34. Bxh7 Nc4 35. Bf5+ (35. Bf5+ {Dautov} Rxf5 36. Kxf5 b5 37. h4
b4 38. Ke4 $18) 1-0

[Event "Moscow Aeroflot op-A"]
[Site "Moscow"]
[Date "2004.02.20"]
[Round "4"]
[White "Belov, Vladimir"]
[Black "Lautier, Joel"]
[Result "0-1"]
[WhiteElo "2560"]
[BlackElo "2676"]
[Annotator "Lautier,J"]
[PlyCount "98"]
[EventDate "2004.02.17"]
[EventType "swiss"]
[EventRounds "9"]
[EventCountry "RUS"]
[SourceTitle "EXT 2005"]
[Source "ChessBase"]
[SourceDate "2004.11.15"]
[SourceVersion "1"]
[SourceVersionDate "2004.11.15"]
[SourceQuality "1"]

1. d4 Nf6 2. c4 e6 3. Nc3 Bb4 4. Qc2 d5 5. a3 Bxc3+ 6. Qxc3 Ne4 7. Qc2 c5 8.
dxc5 Nc6 9. cxd5 exd5 10. Nf3 Bf5 11. b4 d4 12. Qb2 O-O 13. b5 (13. e3 d3 14.
Bd2 (14. Qb3 $6 Ne5 $1) 14... Qd5 $44) 13... Qa5+ $1 (13... Na5 $6 14. Qb4 $1 (
14. Nxd4 $2 Nc4 $19) (14. Qxd4 $2 Nb3 $17) 14... Rc8 15. Nxd4 Rxc5 16. e3 $1 (
16. Nxf5 $2 Nb3 $1 17. Rb1 (17. Qxb3 $2 Rxc1+ $19) (17. Qxe4 $2 Rxc1+ $19)
17... Nxc1 $17) 16... Qc8 (16... Qc7 17. Bb2 Nc4 18. Nb3 a5 19. bxa6 Rc6 20.
Bxc4 Rxc4 21. Qxb7 $18) 17. Bb2 Nc4 18. Bd3 Nxb2 19. Qxb2 $16) 14. Bd2 (14. Nd2
Ne5 $132) 14... Nxd2 15. Nxd2 Qc3 $1 (15... Ne5 16. Qxd4 Rfe8 17. e3 Rad8 18.
Qb4 $14) 16. Qxc3 dxc3 17. Nb3 (17. Nf3 Na5 18. Rc1 (18. Nd4 Bg6 (18... Rfd8 $2
19. Nxf5 Nb3 20. Ra2 $18) 19. Rc1 Rad8 20. e3 Rfe8 $36) 18... c2 19. Nd4 Bg6
20. e3 Rfd8 21. Be2 Rac8 $132) (17. bxc6 cxd2+ 18. Kxd2 Rfd8+ $1 19. Ke1 (19.
Kc3 Rac8 $44) 19... bxc6 20. g3 (20. Rd1 Rxd1+ 21. Kxd1 Rd8+ 22. Ke1 Rd5 $15)
20... Rab8 21. Bg2 Rb2 $44) 17... Be6 $1 18. bxc6 Bxb3 19. cxb7 (19. Rc1 c2 20.
Kd2 (20. e3 $2 Rfd8 21. Be2 bxc6 $17) 20... bxc6 21. e4 Rfe8 22. Bd3 Re5 23.
Bxc2 Bxc2 24. Rxc2 Rxe4 $11) 19... Rab8 20. Rc1 $6 (20. c6 Ba4 21. Rc1 Bxc6 22.
Rxc3 Bxb7 $44) 20... c2 21. e3 (21. c6 $2 Rbd8 22. f3 Rd1+ 23. Kf2 Rxc1 24. c7
Be6 25. b8=Q Rb1 $19) 21... Rxb7 22. Bd3 Ba4 $1 $36 (22... Rd8 23. c6 Rc7 24.
Be4 Ba4 25. Bxc2 Rxc6 26. Rd1 Rxd1+ 27. Bxd1 Rc1 28. Ke2 Ra1 29. Re1 $11) 23.
Be4 $6 (23. Ke2 Rb2 $15) 23... Rb2 $6 (23... Rb5 $1 24. c6 Rc5 $17) 24. Kd2 $1
Rc8 25. c6 f5 $5 (25... Ra2 26. Kc3 a5 27. Kd4 Rxa3 28. Bxc2 Bxc6 $15) 26. Bxf5
$6 (26. Bd5+ Kf8 27. Rhe1 Bxc6 28. Bxc6 Rxc6 29. e4 $15) 26... Rxc6 27. Be4 $6
(27. Ke2 Ra2 $15 28. Bd7 Bb5+ 29. Ke1 Ra1 30. Rxa1 c1=Q+ 31. Rxc1 Rxc1+ 32. Kd2
Rxh1 33. Bxb5 Rxh2) 27... Rd6+ 28. Ke2 $2 (28. Kc3 Rb8 29. Bf3 a5 $17) 28...
Rd1 29. Re1 Bb5+ 30. Kf3 Rxe1 (30... Rb1 $2 31. Rxc2 Rxe1 32. Rc8+ Kf7 33. Rc7+
Kf6 34. Bxb1 Rxb1 35. Rxa7 $15) 31. Rxe1 Be2+ $1 32. Kg3 Bd1 33. Bxc2 Bxc2 34.
Re2 a5 35. Rd2 Ra2 36. Rd8+ $6 (36. Kf4 $142 Bb3 37. Rxa2 Bxa2 38. Ke5 Kf7 39.
f4) 36... Kf7 37. Rd7+ Kf6 38. Rd6+ Ke5 39. Rd7 Kf6 40. Rd6+ Ke7 41. Rc6 a4 $19
42. Rc7+ Kf6 43. Rc6+ Ke5 44. Rc7 Kd6 45. Rxg7 Rxa3 46. Kf4 Ra1 47. e4 a3 48.
Ra7 Bb3 49. e5+ Kc6 0-1